000 01152cab a22002055a 4500
001 L147853
008 090624e20090619xxkdo f 000 0 eng d
035 _a(Sirsi) u147853
041 0 _aeng
100 1 _aThomas, Daniel
245 0 0 _aRetail at rock bottom
260 _c2009
490 0 _aProperty Week
_v75(25) 19 June 2009, 24-27(4)
520 _aPresents the findings of Collier CRE's 2009 "Midsummer Retail Report" which sees the end of the bear market is in sight after the worst period for retail property on record and falling rents as the key feature of the current market. Takes a positive view on investment in retail property, suggesting that retailers wanting to expand can use this period to their advantage. Lists currently expanding retailers. Concludes with Collier CRE's forecasts for the retail sector. Tables cover static/fallen rents, high street administrations, index of prime rental performance and the development pipeline.
590 _aKA
651 4 _aUnited Kingdom
_y
690 _aPROPERTY-COMMERCIAL PROPERTY-RETAIL PROPERTY
690 _aPROPERTY-COMMERCIAL PROPERTY-COMMERCIAL PROPERTY MARKET
942 _n0
999 _c81653
_d81653